La educación en los barrios populares urbanos de América Latina /

Guardat en:
Dades bibliogràfiques
Autor principal: Serafini, Oscar
Format: Text
Etiquetes: Afegir etiqueta
Sense etiquetes, Sigues el primer a etiquetar aquest registre!

MARC

LEADER 00000 a a2200000 04500
001 16776
003
040
100 |a Serafini, Oscar  
245 |a La educación en los barrios populares urbanos de América Latina /  |c Oscar Serafini 
773 |g volumen 9, número 25; páginas 170-187  
999 |c 23382  |d 23382